000 00579nam a22002297a 4500
003 UA-OsUOA
001 64599
007 ta
008 20091106b un ||||| |||| 00| 0 ukr d
100 _aВалентинов Н.В.
090 _a821.161.1
_bВ15
942 _cBK
040 _aUA-OsUOA
_brus
_cUA-OsUOA
_dUA-OsUOA
245 _aНаследники Ленина
300 _a235 с.
955 _a3
041 _arus
080 _a821.161.1
260 _aМ.
_c1991
650 7 _a82 Література. Літературознавство
_2UDC
999 _c350751
_d350751